[Event "Baden"]
[Site "Vienna"]
[Date "1980.??.??"]
[Round "1"]
[White "Vaganian, Rafael A"]
[Black "Seirawan, Yasser"]
[Result "1-0"]
[WhiteElo "2590"]
[BlackElo "2510"]
[PlyCount "97"]
[EventDate "1980.??.??"]
[Source "ChessBase"]

1. d4 d6 2. Nf3 g6 3. g3 Bg7 4. Bg2 c5 5. O-O cxd4 6. Nxd4 Nf6 7. c4 O-O 8. Nc3 a6 9. b3 e6 10. Qd2 Qc7 11. Rd1 Rd8 12. Ba3 Nbd7 13. Na4 Ne8 14. Rac1 Bf8 15. Bb4 Ra7 16. Ba5 b6 17. Nxb6 Nxb6 18. Nc6 Rd7 19. Nxa7 Qxa7 20. Bc6 Na8 21. c5 d5 22. Bxd7 Qxd7 23. c6 Qa7 24. a4 Nac7 25. Qe3 Qxe3 26. fxe3 Bh6 27. Kf2 e5 28. b4 d4 29. exd4 Bxc1 30. Rxc1 exd4 31. Bxc7 Nxc7 32. Rc5 Kf8 33. b5 axb5 34. axb5 Na8 35. Rd5 Ke7 36. Rxd4 Nb6 37. Ke3 Be6 38. Kd3 f5 39. Rh4 h5 40. Kd4 Kd6 41. e4 fxe4 42. Rxe4 Bc4 43. Re5 Bf7 44. Re2 Be6 45. h4 Bf5 46. Re8 Nc8 47. Rf8 Nb6 48. Rf7 Nd5 49. Rb7 1-0

[Event "Bundesliga 9798"]
[Site "Germany"]
[Date "1997.??.??"]
[Round "?.2"]
[White "Stohl, Igor"]
[Black "Enders, Peter"]
[Result "1-0"]
[WhiteElo "2565"]
[BlackElo "2535"]
[PlyCount "51"]
[EventDate "1997.10.??"]
[Source "ChessBase"]
[SourceDate "1999.07.01"]

1. Nf3 Nf6 2. c4 g6 3. g3 Bg7 4. Bg2 O-O 5. O-O c5 6. d4 cxd4 7. Nxd4 Nc6 8. Nc3 d6 9. Nxc6 bxc6 10. Bxc6 Rb8 11. Bg2 Qa5 12. Qc2 Be6 13. Bd2 Bxc4 14. Nd5 Qb5 15. Nxe7+ Kh8 16. Nc6 Bxe2 17. Nxb8 Bxf1 18. Rxf1 Rxb8 19. b3 d5 20. Qc7 a6 21. Qxf7 d4 22. Rc1 Rf8 23. Qc4 Qf5 24. Qxd4 Ng4 25. Qc5 Qd3 26. Bc3 1-0

[Event "Europa ch 2008"]
[Site "Plovdiv BUL"]
[Date "2008.04.21"]
[Round "1.35"]
[White "Vasilev, Milen"]
[Black "Solak, Dragan"]
[Result "0-1"]
[WhiteElo "2469"]
[BlackElo "2630"]
[PlyCount "118"]
[EventDate "2008.04.21"]
[Source "www.chesslib.no"]
[SourceDate "2004.05.04"]

1. d4 d6 2. Nf3 g6 3. g3 Bg7 4. Bg2 c5 5. O-O cxd4 6. Nxd4 Nf6 7. c4 O-O 8. Nc3 Nc6 9. Nxc6 bxc6 10. Bxc6 Rb8 11. Qa4 Bh3 12. Rd1 a5 13. Nb5 Qb6 14. Bh1 Ng4 15. e3 Rfc8 16. Nd4 Ne5 17. b3 Bg4 18. Rd2 Nf3+ 19. Bxf3 Bxf3 20. Bb2 Ba8 21. Rf1 e5 22. Nc2 Bc6 23. Qa3 Bf8 24. Bc3 a4 25. Bb4 axb3 26. axb3 Be4 27. Bxd6 Bxd6 28. Rxd6 Qxb3 29. Qxb3 Rxb3 30. Ne1 Rxc4 31. f3 Bf5 32. g4 Be6 33. e4 Rc1 34. Nd3 Rxf1+ 35. Kxf1 Bc4 36. Ke2 Kf8 37. Kd2 Ke7 38. Nxe5 Kxd6 39. Nxc4+ Kc5 40. Ne5 f6 41. Nd7+ Kd4 42. Nxf6 Rxf3 43. Nxh7 Rf2+ 44. Ke1 Rxh2 45. Nf8 Rg2 46. Nxg6 Rxg4 47. Nf8 Rxe4+ 48. Kd2 Re8 49. Nh7 Rg8 50. Nf6 Rg6 51. Ne8 Kc5 52. Nc7 Rc6 53. Ne8 Kd4 54. Ng7 Ke5 55. Ke3 Rg6 56. Ne8 Rg3+ 57. Kd2 Rb3 58. Nc7 Rb7 59. Na6 Kd4 0-1

[Event "Koop Tjuchem op"]
[Site "Groningen"]
[Date "1996.??.??"]
[Round "6"]
[White "Epishin, Vladimir"]
[Black "Leitao, Rafael"]
[Result "1/2-1/2"]
[WhiteElo "2620"]
[BlackElo "2475"]
[PlyCount "45"]
[EventDate "1996.12.20"]
[Source "www.chesslib.no"]
[SourceDate "2004.05.04"]

1. d4 Nf6 2. c4 g6 3. g3 Bg7 4. Bg2 O-O 5. Nc3 d6 6. Nf3 c5 7. O-O Nc6 8. dxc5 dxc5 9. Be3 Qa5 10. Qb3 Ne8 11. Bd2 Nd6 12. Rac1 Qd8 13. Nb5 a6 14. Nxd6 Qxd6 15. Be3 Qf6 16. Bxc5 Qxb2 17. Qxb2 Bxb2 18. Rb1 Bf6 19. Rfc1 Rb8 20. e3 Bd7 21. Nd4 Rfc8 22. Nxc6 bxc6 23. Rb3 1/2-1/2

[Event "Koop Tjuchem Open Gron"]
[Site "?"]
[Date "1996.??.??"]
[Round "6"]
[White "Epishin Vladimir"]
[Black "Leitao Rafael"]
[Result "1/2-1/2"]
[WhiteElo "2645"]
[BlackElo "2445"]
[PlyCount "45"]
[EventDate "1996.??.??"]
[Source "www.chesslib.no"]
[SourceDate "2004.05.04"]

1. d4 Nf6 2. c4 g6 3. g3 Bg7 4. Bg2 O-O 5. Nc3 d6 6. Nf3 c5 7. O-O Nc6 8. dxc5 dxc5 9. Be3 Qa5 10. Qb3 Ne8 11. Bd2 Nd6 12. Rac1 Qd8 13. Nb5 g5 14. Nxd6 Bd4 15. Be3 e6 16. Ne4 Qf6 17. Qc3 g4 18. b4 Ne7 19. Neg5 Rb8 20. Nd2 e5 21. Rfd1 Qh6 22. Kf1 b6 23. Rb1 1/2-1/2

[Event "Geneve op"]
[Site "Geneve"]
[Date "1995.??.??"]
[Round "9"]
[White "Wojtkiewicz, Aleksander"]
[Black "Wahls, Matthias"]
[Result "1-0"]
[WhiteElo "2530"]
[BlackElo "2555"]
[PlyCount "61"]
[EventDate "1995.??.??"]
[Source "ChessBase"]

1. d4 Nf6 2. Nf3 g6 3. g3 c5 4. Bg2 cxd4 5. Nxd4 Bg7 6. c4 O-O 7. Nc3 Nc6 8. O-O d6 9. Nxc6 bxc6 10. Bxc6 Rb8 11. Bg2 Qa5 12. Qc2 Bf5 13. e4 Be6 14. b3 Nxe4 15. Nxe4 Bxa1 16. Bg5 f6 17. Be3 Qe5 18. f4 Qb2 19. Qb1 Bxc4 20. Qxa1 Qxa1 21. Rxa1 Bf7 22. Bxa7 Rbc8 23. Nf2 Rc2 24. Be4 Rd2 25. Be3 Re2 26. Bd4 Rc8 27. Bd3 Rd2 28. Be3 Rb2 29. Nd1 Rxa2 30. Rxa2 Bxb3 31. Rd2 1-0

[Event "Surakarta/Denpasar"]
[Site "Surakarta"]
[Date "1982.??.??"]
[Round "20"]
[White "Ribli, Zoltan"]
[Black "Hulak, Krunoslav"]
[Result "1/2-1/2"]
[WhiteElo "2590"]
[BlackElo "2490"]
[PlyCount "49"]
[EventDate "1982.02.??"]
[Source "ChessBase"]

1. Nf3 Nf6 2. c4 c5 3. Nc3 Nc6 4. g3 g6 5. d4 Bg7 6. Bg2 O-O 7. O-O d6 8. dxc5 dxc5 9. Bf4 Bd7 10. Ne5 Nxe5 11. Bxe5 Qc8 12. Qb3 Bc6 13. e4 Rd8 14. f4 e6 15. Rad1 Ng4 16. Rxd8+ Qxd8 17. Rd1 Qa5 18. Bxg7 Kxg7 19. Bf3 h5 20. h3 Nh6 21. Nb5 a6 22. Nd6 Rd8 23. e5 Nf5 24. Nxf5+ gxf5 25. Bxc6 1/2-1/2

[Event "Synthesia Rapid Open"]
[Site "Pardubice CEC"]
[Date "2007.07.19"]
[Round "8"]
[White "Schebler, G."]
[Black "Babula, V."]
[Result "0-1"]
[WhiteElo "2496"]
[BlackElo "2577"]
[PlyCount "56"]
[EventDate "2007.07.18"]
[Source "www.chesslib.no"]
[SourceDate "2004.05.04"]

1. Nf3 Nf6 2. g3 c5 3. Bg2 Nc6 4. O-O g6 5. c4 Bg7 6. Nc3 O-O 7. d4 d6 8. dxc5 dxc5 9. Bf4 Nh5 10. Be3 Nd4 11. Na4 Bf5 12. Bxd4 cxd4 13. Nd2 Qc7 14. b4 d3 15. Rc1 Rad8 16. e3 Nf6 17. Qb3 h5 18. Nc3 h4 19. Nd5 Nxd5 20. cxd5 Qb6 21. e4 Bd7 22. gxh4 Rc8 23. a4 Bh6 24. a5 Qd4 25. Nf3 Qxe4 26. Rce1 Qf4 27. Rxe7 Bf5 28. Rd1 d2 0-1

[Event "JUG-ch"]
[Site "JUG"]
[Date "1984.??.??"]
[Round "14"]
[White "Nikolic, Predrag"]
[Black "Velimirovic, Dragoljub"]
[Result "1/2-1/2"]
[WhiteElo "2570"]
[BlackElo "2500"]
[PlyCount "25"]
[EventDate "1984.02.??"]
[Source "ChessBase"]

1. d4 Nf6 2. Nf3 g6 3. g3 Bg7 4. Bg2 O-O 5. O-O d6 6. c4 c5 7. Nc3 Nc6 8. dxc5 dxc5 9. Be3 Be6 10. Qxd8 Rfxd8 11. Bxc5 Bxc4 12. Rfd1 Nd5 13. Nd4 1/2-1/2

[Event "Indonesia"]
[Site "Indonesia"]
[Date "1983.??.??"]
[Round "5"]
[White "Kovacevic, Vlatko"]
[Black "Hulak, Krunoslav"]
[Result "1/2-1/2"]
[WhiteElo "2540"]
[BlackElo "2530"]
[PlyCount "43"]
[EventDate "1983.11.??"]
[Source "ChessBase"]

1. Nf3 Nf6 2. d4 g6 3. g3 Bg7 4. Bg2 O-O 5. O-O d6 6. c4 c5 7. Nc3 Nc6 8. dxc5 dxc5 9. Bf4 Bd7 10. Ne5 Nxe5 11. Bxe5 Qc8 12. Bxf6 Bxf6 13. Nd5 Re8 14. Nxf6+ exf6 15. e3 Bc6 16. Qd6 Re6 17. Qf4 Bxg2 18. Kxg2 Qc6+ 19. Qf3 Rd8 20. Rfd1 Qxf3+ 21. Kxf3 Red6 22. Ke2 1/2-1/2

[Event "RUS Cup final 6th"]
[Site "?"]
[Date "2002.10.10"]
[Round "6"]
[White "Bocharov Dmitry"]
[Black "Kornev Alexei"]
[Result "0-1"]
[WhiteElo "2502"]
[BlackElo "2566"]
[PlyCount "115"]
[EventDate "2002.??.??"]
[Source "www.chesslib.no"]
[SourceDate "2004.05.04"]

1. d4 Nf6 2. Nf3 g6 3. c4 Bg7 4. g3 O-O 5. Bg2 d6 6. O-O c5 7. Nc3 Nc6 8. dxc5 dxc5 9. Bf4 Qa5 10. Nd2 Rd8 11. Nd5 Nxd5 12. cxd5 Nd4 13. e3 Nb5 14. Nb3 Qb6 15. Qc2 e5 16. dxe6 Bxe6 17. Nxc5 Rac8 18. b4 a5 19. Rad1 Rxd1 20. Qxd1 Nc3 21. Qf3 Bd5 22. Qg4 Qc6 23. Bxd5 Nxd5 24. a3 axb4 25. axb4 Nxb4 26. Rb1 Qxc5 27. Bd6 Qc6 28. Qxb4 b5 29. Qf4 Qd5 30. e4 Qd3 31. Re1 Bc3 32. Rc1 Rc4 33. Be7 Be5 34. Qh6 Bg7 35. Qf4 Rxc1+ 36. Qxc1 h5 37. Qc6 b4 38. Qe8+ Kh7 39. Qxf7 Qb1+ 40. Kg2 Qxe4+ 41. Kg1 Qb7 42. Qe6 b3 43. Ba3 b2 44. Bxb2 Bxb2 45. Qc4 Qf3 46. h4 Qf6 47. Kg2 Bd4 48. Qc7+ Kh6 49. Qc1+ Kg7 50. Qc2 Qe5 51. Qc6 Bc5 52. Qd7+ Kf6 53. Qd8+ Qe7 54. Qd3 Qb7+ 55. Kg1 Qc7 56. Qf3+ Kg7 57. Qc3+ Kf7 58. Qf3+ 0-1

[Event "Monarch Assurance 10th"]
[Site "Port Erin"]
[Date "2001.10.01"]
[Round "3"]
[White "Baburin, Alexander"]
[Black "Gormally, Daniel"]
[Result "1-0"]
[WhiteElo "2584"]
[BlackElo "2481"]
[PlyCount "55"]
[EventDate "2001.09.29"]
[Source "ChessBase"]
[SourceDate "2001.10.26"]

1. d4 Nf6 2. c4 g6 3. Nf3 Bg7 4. g3 O-O 5. Bg2 d6 6. O-O c5 7. dxc5 dxc5 8. Nc3 Nc6 9. Be3 Be6 10. Qa4 Nd4 11. Rac1 Ng4 12. Bf4 Qb6 13. b3 Nxf3+ 14. Bxf3 Ne5 15. Bg2 Rac8 16. Nd5 Bxd5 17. cxd5 Qb4 18. Qxa7 c4 19. Qe3 Ng4 20. Qf3 cxb3 21. Qxb3 Qxb3 22. axb3 Ne5 23. Rfd1 Rfd8 24. Rxc8 Rxc8 25. d6 exd6 26. Rxd6 Nc6 27. Rd7 Nd4 28. Bxb7 1-0

[Event "TCh-FRA, Bischwiller FRA"]
[Site "?"]
[Date "2001.??.??"]
[Round "2"]
[White "Bauer, Ch"]
[Black "Ivanov, MM."]
[Result "0-1"]
[WhiteElo "2615"]
[BlackElo "2450"]
[PlyCount "60"]
[EventDate "2001.??.??"]
[Source "www.chesslib.no"]
[SourceDate "2004.05.04"]

1. Nf3 Nf6 2. c4 g6 3. g3 Bg7 4. Bg2 O-O 5. O-O d6 6. Nc3 c5 7. d4 Nc6 8. dxc5 dxc5 9. Be3 Qa5 10. Qb3 Bd7 11. Rfd1 b6 12. Rd2 Rac8 13. Rad1 Bf5 14. Nh4 Be6 15. Nd5 Qa6 16. Nf3 Ne4 17. Rd3 Bxd5 18. cxd5 c4 19. Qa3 Qxa3 20. Rxa3 Bxb2 21. Ra6 Nc3 22. Rd2 Nb4 23. Rxa7 Bc1 24. d6 exd6 25. Bxb6 Bxd2 26. Nxd2 Ncxa2 27. Bb7 c3 28. Nb3 Rc4 29. Be3 c2 30. Kg2 Rc3 0-1

[Event "San Martin"]
[Site "San Martin"]
[Date "1995.??.??"]
[Round "4"]
[White "Nogueiras, Jesus"]
[Black "Sorin, Ariel"]
[Result "1/2-1/2"]
[WhiteElo "2550"]
[BlackElo "2505"]
[PlyCount "47"]
[EventDate "1995.03.??"]
[Source "ChessBase"]

1. Nf3 Nf6 2. c4 g6 3. g3 Bg7 4. Bg2 O-O 5. d4 d6 6. Nc3 c5 7. O-O Nc6 8. dxc5 dxc5 9. Qb3 Qa5 10. Bd2 Nd4 11. Nxd4 cxd4 12. Qb5 Qd8 13. Nd5 Nxd5 14. Bxd5 Rb8 15. Qb3 Bd7 16. e3 Bc6 17. exd4 e6 18. Bg2 Bxg2 19. Kxg2 Bxd4 20. Rad1 Qf6 21. Bg5 Qxg5 22. Rxd4 b5 23. cxb5 Rxb5 24. Qc3 1/2-1/2

[Event "GER-CupT"]
[Site "GER"]
[Date "1991.??.??"]
[Round "?"]
[White "Ribli, Zoltan"]
[Black "Brunner, Lucas"]
[Result "1/2-1/2"]
[WhiteElo "2595"]
[BlackElo "2460"]
[PlyCount "45"]
[EventDate "1991.??.??"]
[Source "www.chesslib.no"]
[SourceDate "2004.05.04"]

1. Nf3 Nf6 2. c4 g6 3. g3 c5 4. Bg2 Bg7 5. Nc3 Nc6 6. d4 cxd4 7. Nxd4 O-O 8. O-O d6 9. Nxc6 bxc6 10. Bxc6 Rb8 11. Bg2 Qa5 12. Qd3 Be6 13. b3 Rxb3 14. axb3 Qxa1 15. Bd2 Qa6 16. Nb5 Rc8 17. Bc3 d5 18. Ra1 dxc4 19. bxc4 Qb6 20. Bd4 Bxc4 21. Bxb6 Bxd3 22. Nxa7 Rb8 23. exd3 1/2-1/2

[Event "TCh-BIH, Bihac BIH"]
[Site "?"]
[Date "1999.??.??"]
[Round "6"]
[White "Ribli, Z."]
[Black "Stevic, H."]
[Result "1/2-1/2"]
[WhiteElo "2585"]
[BlackElo "2470"]
[PlyCount "66"]
[EventDate "1999.??.??"]
[Source "www.chesslib.no"]
[SourceDate "2004.05.04"]

1. Nf3 Nf6 2. c4 g6 3. g3 Bg7 4. Bg2 O-O 5. Nc3 c5 6. d4 d6 7. O-O Nc6 8. dxc5 dxc5 9. Bf4 Nh5 10. Be3 Qa5 11. Nd2 Rd8 12. Bxc6 bxc6 13. Nb3 Qc7 14. Qc1 Be6 15. Na4 Bd4 16. Nbxc5 Bxe3 17. Qxe3 Bxc4 18. b3 Bd5 19. Rac1 Rd6 20. Nc3 Rad8 21. Nxd5 Rxd5 22. Rc2 Ng7 23. Qc3 Qc8 24. Qf3 Ne6 25. Nxe6 Qxe6 26. Rfc1 R8d6 27. Kg2 Rf5 28. Qc3 Re5 29. e3 Rh5 30. h4 Rxh4 31. gxh4 Qg4+ 32. Kf1 Rd1+ 33. Rxd1 Qxd1+ 1/2-1/2

[Event "Yerevan (open)"]
[Site "?"]
[Date "1996.??.??"]
[Round "?"]
[White "Tukmakov, V."]
[Black "Bagaturov, G."]
[Result "1-0"]
[WhiteElo "2595"]
[BlackElo "2460"]
[PlyCount "81"]
[EventDate "1996.??.??"]
[Source "ChessBase"]
[SourceDate "1996.02.01"]

1. d4 Nf6 2. Nf3 g6 3. c4 Bg7 4. g3 c5 5. Nc3 O-O 6. Bg2 d6 7. O-O Nc6 8. dxc5 dxc5 9. Bf4 Be6 10. Ne5 Na5 11. Qc2 Nh5 12. Rad1 Qc8 13. Nd5 Bxd5 14. cxd5 Nxf4 15. gxf4 b6 16. d6 exd6 17. Rxd6 Bxe5 18. fxe5 Qg4 19. h3 Qc4 20. Qd2 Rae8 21. b3 Qh4 22. f4 Re7 23. Kh2 Nb7 24. Rd5 Na5 25. e3 Nc6 26. Rd6 Na5 27. Bd5 Nb7 28. Rf6 Nd8 29. Rg1 Kh8 30. Rg4 Qh6 31. Qf2 Rfe8 32. h4 Ne6 33. f5 Nd8 34. e6 fxe6 35. fxg6 Qg7 36. Be4 Rd7 37. Kh3 Rg8 38. Rg5 h6 39. Rh5 e5 40. Qf5 Rd1 41. Rxh6+ 1-0

[Event "otb"]
[Site "otb"]
[Date "2007.03.16"]
[Round "12"]
[White "Solak Dragan"]
[Black "Brenjo Slavisa"]
[Result "1-0"]
[WhiteElo "2564"]
[BlackElo "2491"]
[PlyCount "61"]
[Source "www.chesslib.no"]
[SourceDate "2004.05.04"]

1. d4 Nf6 2. c4 g6 3. Nf3 Bg7 4. g3 O-O 5. Bg2 d6 6. O-O c5 7. Nc3 Nc6 8. dxc5 dxc5 9. Be3 Qa5 10. Qb3 Ng4 11. Bf4 Qb4 12. h3 e5 13. Bd2 Qxb3 14. axb3 Nf6 15. Be3 Nd7 16. Ng5 Nd4 17. Bxd4 exd4 18. Nd5 Nf6 19. Ne7+ Kh8 20. Nxc8 Raxc8 21. Rxa7 Rce8 22. Rxb7 Rxe2 23. Bf3 Rxb2 24. Nxf7+ Kg8 25. Ng5 Re8 26. Ra1 Bf8 27. Raa7 Re1+ 28. Kg2 Re5 29. Nxh7 Nxh7 30. Rxh7 d3 31. Rhd7 1-0

[Event "Philadelphia (USA)"]
[Site "?"]
[Date "2004.06.30"]
[Round "2"]
[White "Andrianov Nikolai"]
[Black "Najer Evgeniy"]
[Result "1/2-1/2"]
[WhiteElo "2429"]
[BlackElo "2624"]
[PlyCount "64"]
[EventDate "2004.??.??"]
[Source "www.chesslib.no"]
[SourceDate "2004.05.04"]

1. d4 Nf6 2. Nf3 g6 3. c4 Bg7 4. g3 c5 5. Bg2 cxd4 6. Nxd4 Nc6 7. Nc3 O-O 8. O-O d6 9. Nxc6 bxc6 10. Bxc6 Bh3 11. Bxa8 Qxa8 12. f3 Bxf1 13. Kxf1 Rd8 14. Rb1 d5 15. Nxd5 Nxd5 16. Qxd5 h6 17. Be3 Kh7 18. c5 Qb7 19. Qb3 Qd7 20. Rd1 Bf6 21. Qc3 Qh3+ 22. Kg1 Qe6 23. c6 Rc8 24. c7 Qxa2 25. Rd4 e5 26. Rc4 Qb1+ 27. Kg2 Qd1 28. Qd4 Qxd4 29. Kf2 Rxc7 30. Rxc7 e4 31. h4 h5 32. b4 a5 1/2-1/2

[Event "32nd World Open"]
[Site "Philadelphia"]
[Date "2004.07.02"]
[Round "2"]
[White "Andrianov, Nikolai"]
[Black "Najer, Evgeniy"]
[Result "1/2-1/2"]
[WhiteElo "2446"]
[BlackElo "2606"]
[PlyCount "120"]
[EventDate "2004.07.01"]
[Source "Roberto Alvarez"]
[SourceDate "2004.07.12"]

1. d4 Nf6 2. Nf3 g6 3. c4 Bg7 4. g3 c5 5. Bg2 cxd4 6. Nxd4 Nc6 7. Nc3 O-O 8. O-O d6 9. Nxc6 bxc6 10. Bxc6 Bh3 11. Bxa8 Qxa8 12. f3 Bxf1 13. Kxf1 Rd8 14. Bg5 Qb7 15. Qb3 Qd7 16. Rd1 h6 17. Bxf6 Bxf6 18. c5 Bxc3 19. Qxc3 Qh3+ 20. Kg1 Qe6 21. c6 Rc8 22. c7 Qxa2 23. Rd4 Kh7 24. Re4 e5 25. Rc4 Qb1+ 26. Kg2 Qd1 27. Qe3 Kg7 28. Rc1 Qd4 29. Qxd4 exd4 30. Kf2 Kf6 31. Ke1 Ke6 32. Kd2 Kd7 33. Kd3 Rxc7 34. Rxc7+ Kxc7 35. Kxd4 Kc6 36. e4 g5 37. Kc4 a6 38. h4 gxh4 39. gxh4 h5 40. b4 Kb6 41. f4 Kc6 42. e5 dxe5 43. fxe5 Kb6 44. Kd5 Kb5 45. Kd6 Kxb4 46. Ke7 a5 47. Kxf7 a4 48. e6 a3 49. e7 a2 50. e8=Q a1=Q 51. Qe4+ Kc5 52. Qf5+ Kd6 53. Qxh5 Qa2+ 54. Kf8 Qf2+ 55. Kg8 Qf6 56. Qg4 Qd8+ 57. Kh7 Qe7+ 58. Kh6 Qf6+ 59. Qg6 Ke7 60. h5 Qh8+ 1/2-1/2

[Event "Mlada Boleslav Open"]
[Site "Mlada Boleslav CZE"]
[Date "1994.??.??"]
[Round "8"]
[White "Epishin, Vladimir V"]
[Black "Oral, Tomas"]
[Result "1-0"]
[WhiteElo "2675"]
[BlackElo "2375"]
[PlyCount "68"]
[EventDate "1994.??.??"]
[Source "www.chesslib.no"]
[SourceDate "2004.05.04"]

1. d4 g6 2. Nf3 Nf6 3. c4 Bg7 4. g3 O-O 5. Bg2 d6 6. O-O c5 7. Nc3 Nc6 8. dxc5 dxc5 9. Be3 Be6 10. Nd2 Nd7 11. Qc1 Rc8 12. Rd1 Qa5 13. Nb3 Qb6 14. Nd5 Bxd5 15. Rxd5 Ncb8 16. Qd2 Qc7 17. Bxc5 Nxc5 18. Rxc5 Qd6 19. Qxd6 exd6 20. Rxc8 Rxc8 21. Nd2 b5 22. Bd5 Bxb2 23. Rb1 Bc3 24. Ne4 b4 25. Bxf7+ Kg7 26. Bd5 Rd8 27. Rb3 Na6 28. Nxc3 bxc3 29. Rxc3 Nc5 30. Re3 Rd7 31. Re8 Rc7 32. Kf1 Na4 33. Rd8 Nc3 34. a3 Nb1 1-0

[Event "Belgrade"]
[Site "Belgrade"]
[Date "1994.??.??"]
[Round "5"]
[White "Drasko, Milan"]
[Black "Velimirovic, Dragoljub"]
[Result "1/2-1/2"]
[WhiteElo "2520"]
[BlackElo "2525"]
[PlyCount "82"]
[EventDate "1994.??.??"]
[Source "ChessBase"]

1. Nf3 c5 2. c4 g6 3. g3 Bg7 4. Bg2 Nc6 5. O-O d6 6. Nc3 Nf6 7. d4 O-O 8. dxc5 dxc5 9. Bf4 Nh5 10. Be3 Nd4 11. Qd2 Bg4 12. Rfd1 Bxf3 13. exf3 e5 14. Nd5 f5 15. b4 b6 16. bxc5 bxc5 17. Rab1 Rf7 18. Re1 Qd6 19. Bxd4 cxd4 20. f4 e4 21. f3 e3 22. Nxe3 Qc5 23. Nd1 Qxc4 24. Bf1 Qc8 25. Nf2 Rc7 26. Qa5 Rc5 27. Qa4 Qc6 28. Qb3+ Kh8 29. Nd3 Ra5 30. Qb7 Qxb7 31. Rxb7 Bf6 32. g4 fxg4 33. fxg4 Bh4 34. Rc1 Nf6 35. g5 Nd5 36. Rc6 Rxa2 37. Rd6 Ne3 38. Rdd7 Ra1 39. Rxh7+ Kg8 40. Rbg7+ Kf8 41. Rf7+ Kg8 1/2-1/2

[Event "Metz op"]
[Site "Metz"]
[Date "1993.??.??"]
[Round "?"]
[White "Pigusov, Evgeny"]
[Black "Istratescu, Andrei"]
[Result "1-0"]
[WhiteElo "2575"]
[BlackElo "2470"]
[PlyCount "53"]
[EventDate "1993.04.??"]
[Source "ChessBase"]

1. Nf3 Nf6 2. c4 g6 3. d4 Bg7 4. g3 O-O 5. Bg2 d6 6. O-O c5 7. Nc3 Nc6 8. dxc5 dxc5 9. Bf4 Be6 10. Ne5 Na5 11. Qa4 Nd7 12. Nxd7 Bxd7 13. Qc2 Bf5 14. e4 Bd7 15. Nd5 Nc6 16. Qd2 Qc8 17. Be3 b6 18. f4 Rd8 19. f5 e6 20. fxg6 exd5 21. gxf7+ Kh8 22. exd5 Ne7 23. Bh6 Bd4+ 24. Kh1 Nf5 25. Be4 Nd6 26. Bc2 b5 27. f8=Q+ 1-0

[Event "Bari ITA"]
[Site "Bari ITA"]
[Date "1977.??.??"]
[Round "?"]
[White "Raicevic, Vladimir"]
[Black "Smejkal, Jan"]
[Result "1/2-1/2"]
[WhiteElo "2470"]
[BlackElo "2575"]
[PlyCount "112"]
[EventDate "1977.??.??"]
[Source "www.chesslib.no"]
[SourceDate "2004.05.04"]

1. c4 c5 2. Nc3 g6 3. Nf3 Bg7 4. g3 Nc6 5. Bg2 Nf6 6. d4 O-O 7. O-O d6 8. e3 cxd4 9. exd4 d5 10. cxd5 Nxd5 11. Nxd5 Qxd5 12. Be3 Bg4 13. Ne5 Qxe5 14. dxe5 Bxd1 15. Raxd1 Bxe5 16. Rd7 Rab8 17. b3 Bd6 18. Rc1 a5 19. Bb6 Rfc8 20. Rc4 Kf8 21. Bxc6 bxc6 22. Bxa5 Ra8 23. Ra4 Rcb8 24. Bc3 Rxa4 25. bxa4 Bb4 26. Be5 Ra8 27. Rb7 Bd6 28. Bxd6 exd6 29. Rb6 Rc8 30. a5 Ke7 31. a6 c5 32. Kf1 Ke6 33. Ke2 Ra8 34. Kd3 Kd5 35. Kc3 f5 36. a4 g5 37. f3 h5 38. h3 g4 39. fxg4 fxg4 40. hxg4 hxg4 41. a5 Ra7 42. Kb3 Re7 43. Rb7 Re3+ 44. Kc2 Re8 45. a7 Ra8 46. Kb3 Kc6 47. Rb6+ Kc7 48. Ra6 Kb7 49. Rxd6 Rf8 50. Rd7+ Ka8 51. Kc4 Rf3 52. Kb5 c4 53. Rg7 c3 54. Rc7 Re3 55. Kb6 Re6+ 56. Kc5 Re3 1/2-1/2

[Event "Gausdal zt"]
[Site "Gausdal"]
[Date "1987.??.??"]
[Round "?"]
[White "Agdestein, Simen"]
[Black "Sigurjonsson, Gudmundur"]
[Result "1-0"]
[WhiteElo "2560"]
[BlackElo "2485"]
[PlyCount "65"]
[EventDate "1987.01.??"]
[Source "ChessBase"]

1. d4 Nf6 2. Nf3 g6 3. g3 Bg7 4. Bg2 O-O 5. c4 d6 6. O-O c5 7. Nc3 Nc6 8. dxc5 dxc5 9. Bf4 Nh5 10. Be3 Nd4 11. Rc1 e5 12. Nd2 f5 13. Nb3 f4 14. Bxd4 cxd4 15. Ne4 Bh6 16. Nbd2 Bf5 17. c5 Kh8 18. Rc4 fxg3 19. hxg3 Qe7 20. Ra4 Bd7 21. Ra3 Bc6 22. b4 a6 23. Nc4 Qe6 24. Qc2 Rad8 25. Kh2 Ng7 26. Ned6 Nf5 27. Bxc6 bxc6 28. Qe4 Ne3 29. Nxe3 dxe3 30. f3 Bg5 31. Rxa6 Qe7 32. Kg2 Rf4 33. Qxe3 1-0

[Event "III Open"]
[Site "Calcutta IND"]
[Date "2008.04.01"]
[Round "9"]
[White "Adly, A."]
[Black "Safin, S."]
[Result "1/2-1/2"]
[WhiteElo "2551"]
[BlackElo "2493"]
[PlyCount "21"]
[EventDate "2008.03.24"]
[Source "www.chesslib.no"]
[SourceDate "2004.05.04"]

1. d4 Nf6 2. Nf3 g6 3. g3 Bg7 4. Bg2 c5 5. O-O O-O 6. c4 Na6 7. Nc3 d6 8. b3 d5 9. cxd5 Nxd5 10. Nxd5 Qxd5 11. Be3 1/2-1/2

[Event "Hamburg"]
[Site "?"]
[Date "1991.??.??"]
[Round "?"]
[White "Yusupov, A."]
[Black "Wegner, H."]
[Result "1-0"]
[WhiteElo "2605"]
[BlackElo "2435"]
[PlyCount "125"]
[EventDate "1991.??.??"]
[Source "ChessBase"]
[SourceDate "1991.06.01"]

1. d4 Nf6 2. Nf3 g6 3. c4 Bg7 4. g3 c5 5. Bg2 cxd4 6. Nxd4 Nc6 7. O-O O-O 8. Nc3 d6 9. Nxc6 bxc6 10. Bxc6 Rb8 11. Bg2 Qa5 12. Nb5 Bb7 13. Bxb7 Rxb7 14. Bd2 Qa6 15. Bc3 Rc8 16. a4 Rxc4 17. b3 Rc8 18. Rc1 Bh6 19. e3 Ne4 20. Bb2 Rxc1 21. Qxc1 Nc5 22. Qc3 e5 23. Ba3 Rxb5 24. axb5 Qxa3 25. Ra1 Qxb3 26. Qxb3 Nxb3 27. Rxa7 Nc5 28. b6 Bf8 29. b7 Nxb7 30. Rxb7 h5 31. e4 Kg7 32. Kf1 Kf6 33. Ke2 Ke6 34. Kd3 Bh6 35. Rc7 Bg5 36. Rc8 f5 37. f3 f4 38. gxf4 Bxf4 39. h3 Bg3 40. Rc2 Be1 41. Rg2 Kf6 42. Kc4 Ba5 43. Kd5 Bb4 44. Kc6 Bc5 45. Kd7 Bb4 46. Ke8 Bc5 47. Kd8 Bb4 48. Kc7 Bc5 49. Kc6 Bb4 50. Kd5 Bc5 51. Rc2 Bb4 52. Rb2 Bc5 53. Rb5 Ba3 54. Ra5 Bb4 55. Ra4 Bc5 56. Rc4 Ba3 57. Rc3 Bb4 58. Rb3 Bc5 59. f4 exf4 60. e5+ dxe5 61. Kxc5 g5 62. Kd5 g4 63. h4 1-0

[Event "Hastings 8687"]
[Site "Hastings"]
[Date "1986.??.??"]
[Round "?"]
[White "Adorjan, Andras"]
[Black "Gufeld, Eduard"]
[Result "1/2-1/2"]
[WhiteElo "2560"]
[BlackElo "2480"]
[PlyCount "32"]
[EventDate "1986.12.??"]
[Source "ChessBase"]

1. c4 g6 2. Nf3 Bg7 3. d4 Nf6 4. g3 O-O 5. Bg2 d6 6. O-O c5 7. Nc3 Nc6 8. dxc5 dxc5 9. Bf4 Nh5 10. Be3 Nd4 11. Nd2 Rb8 12. Nb3 b6 13. Bxd4 cxd4 14. Nb5 Bb7 15. N5xd4 Bxg2 16. Kxg2 Rc8 1/2-1/2

[Event "NED-chT"]
[Site "NED"]
[Date "2000.04.30"]
[Round "8"]
[White "Schebler, Gerhard"]
[Black "Ljubojevic, Ljubomir"]
[Result "1/2-1/2"]
[WhiteElo "2477"]
[BlackElo "2559"]
[PlyCount "93"]
[EventDate "2000.02.05"]
[Source "www.chesslib.no"]
[SourceDate "2004.05.04"]

1. Nf3 Nf6 2. g3 c5 3. c4 g6 4. b3 Bg7 5. Bb2 O-O 6. Bg2 d6 7. d4 cxd4 8. Nxd4 Na6 9. Nc3 Nc5 10. O-O Rb8 11. Rc1 a6 12. Qd2 Bd7 13. Rfd1 Ng4 14. h3 Ne5 15. Nd5 Re8 16. Ba1 Nc6 17. b4 Nxd4 18. Bxd4 Bxd4 19. Qxd4 Ne6 20. Qe3 b6 21. h4 Bc8 22. h5 Bd7 23. Bf3 Kg7 24. hxg6 hxg6 25. Kg2 f6 26. Rh1 Ng5 27. Rh4 Be6 28. Rch1 Bg8 29. Be4 e6 30. Nf4 f5 31. Bc6 Rf8 32. Rh6 Bf7 33. Nh3 Kxh6 34. Nxg5+ Kg7 35. Rh7+ Kg8 36. Qd4 e5 37. Qh4 Qxg5 38. Qxg5 Kxh7 39. Qe7 Kh6 40. Qxd6 Bxc4 41. Qxe5 Bxa2 42. Qa1 Rbc8 43. Bb7 Rc7 44. Qxa2 Rxb7 45. Qxa6 Rff7 46. Qa8 g5 47. Kh3 1/2-1/2